Đạo đức và nguyên tắc hành nghề tư vấn /

保存先:
書誌詳細
その他の著者: Mai Thị Việt Thắng (dịch.)
フォーマット: 論文
言語:Vietnamese
主題:
タグ: タグ追加
タグなし, このレコードへの初めてのタグを付けませんか!
Thư viện lưu trữ: Thư viện Trường Đại học Đà Lạt
LEADER 00814nam a2200277 4500
001 DLU090074974
005 ##20090622
040 # # |a DLU  |b vie 
041 # # |a vie 
044 # # |a vn 
245 # # |a Đạo đức và nguyên tắc hành nghề tư vấn /  |c Mai Thị Việt Thắng dịch. 
653 # # |a Đạo đức nghề nghiệp 
653 # # |a Nghiệp vụ hành chính 
653 # # |a Tư vấn 
700 # # |a Mai Thị Việt Thắng,  |e dịch. 
773 # # |t Tạp chí Tâm lý học  |g Số 5, 2009, tr. 31-39 
920 # # |a Phòng Tạp chí -- Trung tâm Thông tin - Thư viện Trường Đại học Đà Lạt 
933 # # |a XH 
994 # # |a DLU 
900 # # |a True 
911 # # |a Hoàng Thị Huyền 
925 # # |a G 
926 # # |a A 
927 # # |a BB 
980 # # |a Thư viện Trường Đại học Đà Lạt